000 00985nac a22002897a 4500
001 BR8002909
003 BR-BrBNA
005 20240105114702.0
008 230509b bl.|||m| |||| 00| 0 por d
040 _aBR-BrBNA
_bpor
_cBiblioteca Nacional de Agricultura
072 _aF30
090 _a1530 BR8002909
100 1 _aNunes, M.U.C.
100 1 _aOliveira, E.B. de
100 1 _aSantos, A.J.R. dos
110 1 _aUnidade de Execucao de Pesquisa de Ambito Estadual de Rio Branco, AC (Brasil)
_910376
245 1 _aComportamento de cultivares de cenoura no Acre [Daucus carota; Brasil]
260 3 _aRio Branco, AC (Brasil):
_c1980.
300 _a2 p.
490 _aComunicado Tecnico - Unidade de Execucao de Pesquisa de Ambito Estadual de Rio Branco (Brazil)
_vno. 21
_xISSN 0100-8668
650 _aCenoura
650 _aComportamento de variedade
650 _aVariedade
650 _aAcre
909 _a202312
_bLúcia Elande
_c55
_dLúcia Elande
942 _2AGRIS
_n0
_cMS
999 _c270738
_d270738